000 00422nam a2200193Ia 4500
005 20250423101121.0
008 250422s9999 xx 000 0 und d
020 _a0-3178007-6
050 _aJK4816K7
100 _aRichard H. Kraemer
245 0 _aTexas Politics
250 _a2
260 _aMinnesota
260 _bWest Publishing Co
260 _c1984
300 _a395 p
650 _aPolitics
942 _cBK
999 _c35339
_d35339